ARRUPE JESUIT UNIVERSITY

CORONAVIRUS -STOP THE SPREAD - CLEAN,DISINFECT,COVER

Fanon (Record no. 4174)

MARC details
000 -LEADER
fixed length control field 00693nam a2200265Ia 4500
003 - CONTROL NUMBER IDENTIFIER
control field 0100
008 - FIXED-LENGTH DATA ELEMENTS--GENERAL INFORMATION
fixed length control field 130227s9999 xx 000 0 und d
020 ## - INTERNATIONAL STANDARD BOOK NUMBER
International Standard Book Number 9781557868954
040 ## - CATALOGING SOURCE
Transcribing agency ARRUPELIB
050 ## - LIBRARY OF CONGRESS CALL NUMBER
Classification number H59.F28F36 1996
100 ## - MAIN ENTRY--PERSONAL NAME
Personal name Gordon, Lewis Ricardo (ed)
245 ## - TITLE STATEMENT
Title Fanon
245 ## - TITLE STATEMENT
Remainder of title A Critical reader
260 ## - PUBLICATION, DISTRIBUTION, ETC. (IMPRINT)
Place of publication, distribution, etc Oxford
260 ## - PUBLICATION, DISTRIBUTION, ETC. (IMPRINT)
Name of publisher, distributor, etc Blackwell Publishers
260 ## - PUBLICATION, DISTRIBUTION, ETC. (IMPRINT)
-- 1996
300 ## - PHYSICAL DESCRIPTION
Extent xxi
300 ## - PHYSICAL DESCRIPTION
Other physical details 344p 23cm
440 ## - SERIES STATEMENT/ADDED ENTRY--TITLE
Title Blackwell critical readers
650 ## - SUBJECT ADDED ENTRY--TOPICAL TERM
Topical term following geographic name as entry element Art, Modern - 20th century - History
650 ## - SUBJECT ADDED ENTRY--TOPICAL TERM
Location of event Art - Philosophy
650 ## - SUBJECT ADDED ENTRY--TOPICAL TERM
Active dates Art & society
700 ## - ADDED ENTRY--PERSONAL NAME
Personal name Sharpley-Whiting, T. Duncan (ed); White, Renee T. (ed)
942 ## - ADDED ENTRY ELEMENTS (KOHA)
Source of classification or shelving scheme Library of Congress Classification
Koha issues (borrowed), all copies 1
Holdings
Withdrawn status Lost status Source of classification or shelving scheme Damaged status Not for loan Collection code Home library Current library Shelving location Date acquired Total Checkouts Full call number Barcode Date last seen Date last borrowed Copy number Price effective from Koha item type
    Library of Congress Classification     Main Collection ARRUPE LIBRARY ARRUPE LIBRARY   27/02/2013 3 H59.F28F36 1996 46405312 22/02/2024 15/01/2024 1 27/02/2013 Monograph ( Printed materials)

 

Arrupe Library. PO Box MP320 Mt Pleasant, Harare, Zimbabwe
263 242 745411|librarian@aju.ac.zw